00620nam a2200205 i 4500003000900000005001700009007000300026008004100029040003000070082001400100100003500114245006100149264008200210300002700292336002700319337003400346338002800380700000300408700000300411DO-SdBNP20230927092316.0ta110413s1980 xxu 000 j spa d aDO-SdBNPbspacBNPHUerda bP358u222 aPeñalver, Luis Manueleautor00aLa universidad y el año 2000 /cLuis Manuel Peñalver 1aSantiago de los Caballeros :bUniversidad Católica Madre y Maestra, c1980. a35 páginas ;c27 cm. 2rdacontentatextobtxt 2rdamediaasin mediación bn 2rdacarrieravolumenbnc 1